000 01971nam a2200301Ia 4500
999 _c44978
_d44978
001 11799
003 GE_BSU
005 20240619170234.0
008 181216s2014||||ge |||||||||||||| ||geo||
020 _a9789941108853
040 _cGE_BSU
041 _ageo
080 _a341.222(479.22) ს–32
100 _a
_922504
245 _aსაქართველოს საზღვრები, 1917-1938 :
_bნარკვევი, დოკუმენტები და მასალები /
_cსერგო ვარდოსანიძე, ვახტანგ გურული, კობა ხარაძე, ლევან ჯიქია ; საქ. საპატრიარქოს წმ. ანდრია პირველწოდებულის სახ. ქართ. უნ-ტი, ჰუმანიტ. მეცნ. ფაკ-ტი.
264 _aთბილისი :
_bმერიდიანი,
_c2014.
300 _a190 გვ. ;
_c29სმ.
_eრუკები.
501 _aრუკები : გვ. 179-190
504 _aბიბლიოგრაფია ტექსტის შენიშვნებში
546 _aდოკუმენტები ქართულ და რუსულ ენებზე
653 _aსაქართველოს საზღვრები 1917-1938
700 _aვარდოსანიძე, სერგო
_eავტორი
_922505
700 _aგურული, ვახტანგ
_eავტორი
_922506
700 _aხარაძე, კობა
_eავტორი
_96756
700 _aჯიქია, ლევან
_eავტორი
_922507
710 _aსაქ. საპატრიარქოს წმ. ანდრია პირველწოდებულის სახ. ქართ. უნ-ტი,
_bჰუმანიტ. მეცნ. ფაკ-ტი
_918873
942 _cBK
_2udc